Library Banner

War crimes in vietnam (Record no. 82382)

MARC details
000 -LEADER
fixed length control field 00371nam a22001457a 4500
005 - DATE AND TIME OF LATEST TRANSACTION
control field 20160127152832.0
008 - FIXED-LENGTH DATA ELEMENTS--GENERAL INFORMATION
fixed length control field 160127b xxu||||| |||| 00| 0 eng d
040 ## - CATALOGING SOURCE
Transcribing agency PK-LaUMT
082 ## - DEWEY DECIMAL CLASSIFICATION NUMBER
Classification number AMC 959.704
Item number BER-W
100 ## - MAIN ENTRY--PERSONAL NAME
Personal name Bertrand russell
245 ## - TITLE STATEMENT
Title War crimes in vietnam
Statement of responsibility, etc Bertrand russell
260 ## - PUBLICATION, DISTRIBUTION, ETC. (IMPRINT)
Place of publication, distribution, etc London
Name of publisher, distributor, etc George allen
Date of publication, distribution, etc 1967
300 ## - PHYSICAL DESCRIPTION
Extent 178 p.
942 ## - ADDED ENTRY ELEMENTS (KOHA)
Koha item type Books
Holdings
Withdrawn status Lost status Damaged status Home library Current library Date acquired Full call number Barcode Date last seen Price effective from Koha item type
      UMT Main Campus UMT Main Campus 2016-01-27 AMC 959.704 BER-W 86133 2016-01-27 2016-01-27 Books